Library Banner

بلوچ تاریخ کے آئینے میں (Record no. 79249)

MARC details
000 -LEADER
fixed length control field 00410nam a22001457a 4500
005 - DATE AND TIME OF LATEST TRANSACTION
control field 20151130143055.0
008 - FIXED-LENGTH DATA ELEMENTS--GENERAL INFORMATION
fixed length control field 151130b xxu||||| |||| 00| 0 eng d
040 ## - CATALOGING SOURCE
Transcribing agency PK-LaUMT
082 ## - DEWEY DECIMAL CLASSIFICATION NUMBER
Classification number MSC 915.9
Item number MAZ-B
100 ## - MAIN ENTRY--PERSONAL NAME
Personal name مظہر علی
245 ## - TITLE STATEMENT
Title بلوچ تاریخ کے آئینے میں
Statement of responsibility, etc مظہر علی
260 ## - PUBLICATION, DISTRIBUTION, ETC. (IMPRINT)
Place of publication, distribution, etc لاہور
Name of publisher, distributor, etc مرکز علم و عرفان
Date of publication, distribution, etc 2001
300 ## - PHYSICAL DESCRIPTION
Extent 151 ص
942 ## - ADDED ENTRY ELEMENTS (KOHA)
Koha item type Books
Holdings
Withdrawn status Lost status Damaged status Home library Current library Date acquired Full call number Barcode Date last seen Price effective from Koha item type
      UMT Main Campus UMT Main Campus 2015-11-30 MSC 915.9 MAZ-B 95391 2021-08-21 2015-11-30 Books